| 000 | 01038nam a22002417i 4500 | ||
|---|---|---|---|
| 999 |
_c22864 _d22864 |
||
| 003 | AR-CdUCM | ||
| 008 | 240503b20122012pe ||||| |||| 00| 0 spa d | ||
| 020 | _a978-612-4157-12-7 | ||
| 040 |
_aMUNICIPALIDAD PROVINCIAL DEL CUSCO _cBIBLIOTECA MUNICIPAL DEL CUSCO |
||
| 041 | _hspa | ||
| 082 |
_a347.51 / A38 _bA38 |
||
| 100 |
_aAldea Correa, Vládik _949697 |
||
| 245 |
_aLos acuerdos de accionistas y socios : _bRequisitos societarios / |
||
| 260 |
_aLima : _bebc ediciones, _c2012. |
||
| 300 |
_a273 páginas. : _c24 cm. |
||
| 505 | _aBuen gobierno corporativo -- Las acciones y la matricula de acciones -- Transferencia de acciones y de participaciones sociales -- Junta general de accionistas -- Impugnación de junta general de accionistas -- La aprobación de estados financieros y distribución de utilidades -- La reserva legal | ||
| 650 |
_aCapital social _925197 |
||
| 650 |
_aOferta publica _949698 |
||
| 650 |
_aSucursales _949699 |
||
| 650 |
_aJoint Venture _949700 |
||
| 942 |
_2ddc _cLIBROS |
||
| 945 |
_apbj _d2024-05-03 |
||